Hurling All Stars 2024 - Statistics

General Stats
  • This quiz has been taken 20 times
  • The average score is 10 of 15
Answer Stats
Hint Answer % Correct
FF Shane O'Donnell
100%
Mid Tony Kelly
100%
LWB Kyle Hayes
92%
Mid Darragh Fitzgibbon
77%
GK Nicky Quaid
77%
RCB Adam Hogan
69%
CF Shane Barrett
62%
FB Eoin Downey
54%
RCF Gearoid Hegarty
54%
LCF Mark Rodgers
54%
CB Rob Downey
54%
LWF Séamus Harnedy
54%
RWF David Fitzgerald
46%
LCB Dan Morrissey
38%
RWB David McInerney
38%
No matching quizzes found
Score Distribution
Percent of People with Each Score
Percentile by Number Answered
Your Score History
You have not taken this quiz